1651 1312 1158 1769 1706 1797 1981 1641 1248 1081 1288 1658 1123 1584 1419 1828 2000 1593 1204 1682 1296 1288 1200 1194 1698 1323 1088 1284 1765 1017 1209 1252 1984 1367 1207 1097 1527 1780 1314 1175 1250 1998 1481 1551 1150 1428 1412 1569 1526 1584 1985 1237 1066 1238 1992 1392 1914 1581 1671 1640 1699 1181 1748 1507 1687 1008 1773 1182 1262 1220 1835 1496 1001 1142 1207 1494 1849 1016 1426 1872 1615 1784 1125 1227 1386 1642 1059 1968 1213 1734 1891 1327 1905 1337 1868 1443 1088 1871 1191 BCNSPRNW ULIB Ver.6.0+V

เปลี่ยนเป็นภาษาไทย

Change to English
 แสดงรายละเอียดบรรณานุกรม
  กลับหน้าหลัก

Brief Record : Get Marc (ISO 2709) : E-mail record : QR code < ปิดหน้าต่าง
LEADER : 00000nam 2200000uu 4500
001    13399126213
003     ULIB
008    180726s2016||||th 000 0 tha d
020    ^a9780323289610
060    ^aWY150^bH261W
100    ^aMariann Harding, Julie S. Snyder
245    ^aWinningham Critical Thinking Cases in Nursing/^cMariann Harding, Julie S. Snyder
250    ^a6th ed
260    ^aLouis, Missouri :^bElsevier Limited,^c2016
300    ^a722 pages;^b30 cm
650    ^aNursing
650    ^aMedical-Surgical
945    ^p0^l0^i26430
999    ^aกัณชพร จุลอักษร
รายการนี้ยังไม่มีแท็ก
คุณยังไม่ได้ล็อกอิน คุณสามารถมีกิจกรรมร่วมกับเว็บไซต์ได้ แต่ต้องล็อกอินก่อน ::
  ล็อกอิน

รายการสื่อสารสนเทศ

ลำดับที่ ประเภท เลขเรียก/บาร์โค้ด สถานที่ สถานะ
1. วิทยาศาสตร์การแพทย์ และสุขภาพ
วิทยาศาสตร์การแพทย์ และสุขภาพ
WY150 H261W ฉ.1 
  Barcode: 26430
ห้องสมุดวิทยาเขตนครสวรรค์
►หนังสือทั่วไป:l:General Books
บนชั้น

รายการใกล้เคียง
    ผู้แต่ง [Mariann Harding, Julie S. Snyder]

    หัวเรื่อง [Nursing]
    หัวเรื่อง [Medical-Surgical]

BibComment


ยังไม่เคยถูกคอมเมนท์

คอมเมนท์ทรัพยากรรายการนี้
  คอมเมนท์: Winningham Criti..


 Copyright 2026. Bcnsprnw @Library